| 000 | 00363pam a2200157a 44500 | ||
|---|---|---|---|
| 008 | 230515b2000 xxu||||| |||| 00| 0 eng d | ||
| 020 | _aNULL | ||
| 041 | _aENG | ||
| 082 | _a618.92 | ||
| 100 | _aD D chaurasia | ||
| 245 | _aPediatrics for students and practitioners | ||
| 250 | _a0 | ||
| 260 |
_aNULL _b"C B S, nd, " _c2000 |
||
| 300 | _a345 | ||
| 650 | _aNULL | ||
| 999 |
_c523672 _d523672 |
||